| 000 | 04831cam a22018254i 4500 | ||
|---|---|---|---|
| 003 | PE-LiUPU | ||
| 005 | 20250813165346.0 | ||
| 008 | 110125s2010 flua 001 0 eng d | ||
| 020 | _a1439800030 | ||
| 020 | _a9781439800034 | ||
| 035 | _a(Sirsi) i9781439800034 | ||
| 040 |
_aKTFMB _eppiak _bspa _cSILIS _dOCLCO _dPE-LiUPU _erda |
||
| 049 | _aPRUA | ||
| 080 | _a004.8 | ||
| 082 | 0 | 4 |
_a681.2 _bR25 _222 |
| 100 | 1 |
_aRaol, Jitendra R., _d1947-, _eautor. |
|
| 245 | 0 | 0 |
_aMulti-sensor data fusion with MATLAB / _cJitendra R. Raol. |
| 264 |
_aBoca Raton : _bCRC Press, _c2010. |
||
| 300 |
_axxxiii, 534 páginas : _bilustraciones ; _c24 centímetros. |
||
| 336 |
_text _2rdacontent |
||
| 337 |
_unmediated _2rdamedia |
||
| 338 |
_volume _2rdacarrier |
||
| 504 | _aIndice : páginas 523-534. | ||
| 505 | 0 | 0 | _aPart I: Theory of data fusion and kinematic-level fusion. Introduction ; Concepts and theory of data fusion ; Strategies and algorithms for target tracking and data ; Performance evaluation of data fusion systems, software, and tracking -- Part II: Fuzzy logic and decision fusion. Introduction ; Theory of fuzzy logic ; decision fusion ; Performance evaluation of fuzzy logic-based decision systems -- Part III: Pixel- and feature-level image fusion. Introduction ; Pixel- and feature-level image fusion concepts and algorithms ; performance evaluation of image-based data fusion systems -- Part IV: A brief on data fusion in other systems. Introduction : overview of data fusion in mobile intelligent autonomous systems ; Intelligent monitoring and fusion ; Appendix : numerical, statistical, and estimation methods ; Index. |
| 526 | _aP203 | ||
| 526 | _aP200 | ||
| 526 | _aSEG65 | ||
| 526 | _aSEG64 | ||
| 526 | _aSEG63 | ||
| 526 | _aSEG62 | ||
| 526 | _aSEG61 | ||
| 526 | _aSEG60 | ||
| 526 | _aSEG59 | ||
| 526 | _aSEG58 | ||
| 526 | _aSEG57 | ||
| 526 | _aSEG56 | ||
| 526 | _aSEG55 | ||
| 526 | _aSEG54 | ||
| 526 | _aSEG53 | ||
| 526 | _aSEG52 | ||
| 526 | _aSEG51 | ||
| 526 | _aSEG50 | ||
| 526 | _aSEG49 | ||
| 526 | _aSEG48 | ||
| 526 | _aSEG47 | ||
| 526 | _aSEG46 | ||
| 526 | _aSEG24 | ||
| 526 | _aSEG23 | ||
| 526 | _aSEG22 | ||
| 526 | _aSEG21 | ||
| 526 | _aSEG20 | ||
| 526 | _aSEG19 | ||
| 526 | _aSEG18 | ||
| 526 | _aSEG17 | ||
| 526 | _aSEG16 | ||
| 526 | _aSEG14 | ||
| 526 | _aSEG13 | ||
| 526 | _aSEG12 | ||
| 526 | _aSEG11 | ||
| 526 | _aSEG10 | ||
| 526 | _aSEG09 | ||
| 526 | _aSEG06 | ||
| 526 | _aSEG05 | ||
| 526 | _aSEG04 | ||
| 526 | _aSEG03 | ||
| 526 | _aSEG02 | ||
| 526 | _aSEG68 | ||
| 526 | _aSEG66 | ||
| 526 | _aSEG45 | ||
| 526 | _aSEG25 | ||
| 526 | _aSEG01 | ||
| 526 | _aP163 | ||
| 526 | _aP162 | ||
| 526 | _aP161 | ||
| 526 | _aP160 | ||
| 526 | _aP159 | ||
| 526 | _aP158 | ||
| 526 | _aP157 | ||
| 526 | _aP156 | ||
| 526 | _aP155 | ||
| 526 | _aP154 | ||
| 526 | _aP153 | ||
| 526 | _aP152 | ||
| 526 | _aP151 | ||
| 526 | _aP150 | ||
| 526 | _aP149 | ||
| 526 | _aP142 | ||
| 526 | _aP141 | ||
| 526 | _aP140 | ||
| 526 | _aP139 | ||
| 526 | _aP138 | ||
| 526 | _aP137 | ||
| 526 | _aP132 | ||
| 526 | _aP131 | ||
| 526 | _aP130 | ||
| 526 | _aP126 | ||
| 526 | _aP125 | ||
| 526 | _aP124 | ||
| 526 | _aP123 | ||
| 526 | _aP115 | ||
| 526 | _aP122 | ||
| 526 | _aP121 | ||
| 526 | _aP116 | ||
| 526 | _a P114 | ||
| 526 | _aP112 | ||
| 526 | _aP111 | ||
| 526 | _aP104 | ||
| 526 | _aP103 | ||
| 526 | _aP102 | ||
| 526 | _aP101 | ||
| 526 | _aP100 | ||
| 526 | _aP96 | ||
| 526 | _aP95 | ||
| 526 | _aP93 | ||
| 526 | _aP92 | ||
| 526 | _aP91 | ||
| 526 | _aP88 | ||
| 526 | _aP83 | ||
| 526 | _aP82 | ||
| 526 | _aP79 | ||
| 526 | _aP78 | ||
| 526 | _aP75 | ||
| 526 | _aP74 | ||
| 526 | _aP71 | ||
| 526 | _aP69 | ||
| 526 | _a P51 | ||
| 526 | _aP49 | ||
| 526 | _aP48 | ||
| 526 | _aP47 | ||
| 526 | _aP33 | ||
| 526 | _aP31 | ||
| 526 | _a P30 | ||
| 526 | _aP29 | ||
| 526 | _aP27 | ||
| 526 | _aP26 | ||
| 526 | _aP25 | ||
| 526 | _aP24 | ||
| 526 | _a P22 | ||
| 526 | _aP10 | ||
| 526 | _aP09 | ||
| 526 | _a P08 | ||
| 526 | _aP06 | ||
| 526 | _aP05 | ||
| 526 | _aP04 | ||
| 526 | _aP01 | ||
| 541 | _g001-003150; | ||
| 630 | 0 | 0 | _aMATLAB. |
| 650 | 0 | _aDetectores. | |
| 653 | 0 |
_ala fusión de datos _aDetectores _ainteligencia artificial |
|
| 942 |
_2ddc _cBOOK |
||
| 949 |
_a681.2 R25 _wDEWEY _c1 _i73986 _lCCODEBUL1 _mBUL _p209.51 _r0 _sY _tBOOK _u2016-7-6 _xINGENIERIA _PP27 _0COMPRA _o.STAFF. Colección General |
||
| 994 |
_aC0 _bPEPRU |
||
| 596 | _a1 | ||
| 999 |
_a681.2 R25 _wDEWEY _c10404 _i73986 _d10404 _f2021-11-9 _g7 _lCCODEBUL1 _mBUL _p209.51 _q1 _r0 _sY _tBOOK _u2016-7-6 _xINGENIERIA _PP27 _0COMPRA _o.STAFF. Colección General |
||
| 980 |
_81 _gALBERTO SANCHEZ Responsable de Automatización |
||